| 000 | 00850nam a22002177a 4500 | ||
|---|---|---|---|
| 999 |
_c60583 _d60583 |
||
| 005 | 20210325204334.0 | ||
| 008 | s2546 th f tha d | ||
| 020 | _a9743230033 | ||
| 040 | _aNALT | ||
| 041 | _atha | ||
| 090 |
_aFIC _bร755ห 2546 |
||
| 100 | 1 |
_aเรชเชล, รูธ. _914994 |
|
| 245 | 1 | 0 |
_aหลากรักรสแอปเปิ้ล / _cรูธ เรชเชล ; นาลันทา คุปต์ แปล. |
| 260 |
_aกรุงเทพฯ : _bระหว่างบรรทัด, _c2546. |
||
| 300 |
_a344 หน้า ; _b _c21 ซม. |
||
| 650 | 4 |
_aนวนิยาย _93785 |
|
| 700 | 0 |
_916335 _aนาลันทา คุปต์ _eผู้แปล |
|
| 850 | _aNALT | ||
| 942 |
_cFIC _2local |
||